000 00399nam a22001577u 4500
008 130405s1974 xxu||||| |||| 00| 0 spa d
041 _aspa
100 1 _aBultmann, Rudolf
_910914
245 0 0 _aCreer y comprender
_cRudolf Bultmann
260 _aMadrid:
_bStudium,
_c1974
300 _a290 p.
_c;24 cm.
500 _aContiene: 1. Volumen I
650 0 4 _aDogma
_913557
942 _cBK
001 45381
999 _c252107
_d252107